000 00684nam a2200217 i 4500
003 DO-SdBNP
005 20240619114431.0
007 ta
008 240619b2013 mx b||| |||| 00| 0 spa d
020 _a9786071102638
040 _aDO-SdBNP
_bspa
_cBNPHU
_erda
082 4 _222
100 _aSchwanitz, Dietrich,
_eautor
_985714
245 1 3 _aLa cultura :
_btodo lo que hay que saber /
_cDietrich Schwanitz ; traducción, Vicente Gómez Ibáñez
264 _aMéxico :
_bSantillana Ediciones Generales,
_c2013.
490 _aPunto de Lectura
_v41
590 _aInventariado, 2024/BT
700 1 _aGómez Ibáñez, Vicente,
_etraductor
_92546
910 _aBtavárez
942 _2ddc
_cLBS1
999 _c56896
_d56896